| 000 | 00358nam a22001217a 4500 | ||
|---|---|---|---|
| 082 |
_a346.73 _bNYA |
||
| 100 | _aNyazee, Imran Ahsan Khan | ||
| 245 |
_aCorporate Law: _b(Negotiable Instruments and Partnership) / _cImran Ahsan Khan Nyazee |
||
| 260 |
_aRawalpindi: _bFederal Law House, _c2025. |
||
| 300 | _a689 p. | ||
| 563 | _aH.B. | ||
| 942 |
_2ddc _cBK |
||
| 999 |
_c613872 _d613872 |
||